Saving the nation (Record no. 112015)
[ view plain ]
| 000 -LEADER | |
|---|---|
| fixed length control field | 01593cad a22002175a 4500 |
| 001 - CONTROL NUMBER | |
| control field | L152355 |
| 008 - FIXED-LENGTH DATA ELEMENTS--GENERAL INFORMATION | |
| fixed length control field | 110225s2011 xxk f 000 0 eng d |
| 035 ## - SYSTEM CONTROL NUMBER | |
| System control number | (Sirsi) u152355 |
| 041 0# - LANGUAGE CODE | |
| Language code of text/sound track or separate title | eng |
| 050 04 - LIBRARY OF CONGRESS CALL NUMBER | |
| Classification number | 333.33 $2 19 |
| 110 2# - MAIN ENTRY--CORPORATE NAME | |
| Corporate name or jurisdiction name as entry element | Savills Research |
| 9 (RLIN) | 5211 |
| 245 02 - TITLE STATEMENT | |
| Title | Saving the nation |
| Remainder of title | how £4.1 trillion is stored in the housing piggy bank |
| Medium | [electronic resource] |
| 260 ## - PUBLICATION, DISTRIBUTION, ETC. | |
| Place of publication, distribution, etc. | London |
| Name of publisher, distributor, etc. | Savills Research |
| Date of publication, distribution, etc. | 2011 |
| 490 #0 - SERIES STATEMENT | |
| Series statement | Residential Property Focus |
| Volume/sequential designation | 1 Qr 2011 |
| 520 ## - SUMMARY, ETC. | |
| Summary, etc. | Net wealth in residential property has risen from £1.4 trillion to £2.9 trillion between 2001 and 2011 so that it now accounts for around 70% of the total value of the UK?s housing stock. Overseas investors account for 53% of purchasers of prime central London property, the one million pound plus market has outperformed the mainstream across 2010 particularly in the core prime markets of London and South East. Distribution of transactions and repossession levels indicate where financial pressures on UK homeowners are greatest, identifying differing rates of recovery in mainstream markets across the UK. For investors looking to build portfolios with strong income streams that will be attractive to future investors, the strategy of buying good Grade C letting properties with low capital values looks sound. |
| 590 ## - LOCAL NOTE (RLIN) | |
| Local note | KA |
| 651 #4 - SUBJECT ADDED ENTRY--GEOGRAPHIC NAME | |
| Geographic name | United Kingdom |
| Chronological subdivision | |
| 690 ## - LOCAL SUBJECT ADDED ENTRY--TOPICAL TERM (OCLC, RLIN) | |
| Topical term or geographic name as entry element | PROPERTY-RESIDENTIAL PROPERTY-RESIDENTIAL PROPERTY MARKET |
| 856 40 - ELECTRONIC LOCATION AND ACCESS | |
| Uniform Resource Identifier | <a href="https://links.cecollect.com/711/2141/Residential%20Property%20Focus%20Q1%202011.pdf">https://links.cecollect.com/711/2141/Residential%20Property%20Focus%20Q1%202011.pdf</a> |
| Public note | View this item free of charge at www.savills.com |
| 942 ## - ADDED ENTRY ELEMENTS (KOHA) | |
| Suppress in OPAC | 0 |
| Withdrawn status | Lost status | Source of classification or shelving scheme | Damaged status | Not for loan | Home library | Current library | Shelving location | Date acquired | Total Checkouts | Full call number | Barcode | Date last seen | Copy number | Price effective from | Koha item type |
|---|---|---|---|---|---|---|---|---|---|---|---|---|---|---|---|
| Dewey Decimal Classification | Virtual | Virtual | Online | 25/02/2011 | ONLINE PUBLICATION | 152355-2001 | 06/08/2019 | 1 | 06/08/2019 | Book |